Start at the HIP (Record no. 82110)

MARC details
000 -LEADER
fixed length control field 01036cad a22002295a 4500
001 - CONTROL NUMBER
control field L149285
008 - FIXED-LENGTH DATA ELEMENTS--GENERAL INFORMATION
fixed length control field 100217s2010 xxk f 000 0 eng d
035 ## - SYSTEM CONTROL NUMBER
System control number (Sirsi) u149285
041 0# - LANGUAGE CODE
Language code of text/sound track or separate title eng
100 1# - MAIN ENTRY--PERSONAL NAME
Personal name Appleby, Alan
245 00 - TITLE STATEMENT
Title Start at the HIP
Medium [electronic resource]
260 ## - PUBLICATION, DISTRIBUTION, ETC.
Date of publication, distribution, etc. 2010
490 ## - SERIES STATEMENT
Series statement RICS Residential Property Journal
Volume/sequential designation Jan-Feb 2010, 14-15(2)
520 ## - SUMMARY, ETC.
Summary, etc. How the Home Information Packs (HIPs) can be used in the initial review of the property by a valuer, before visiting the property. Using the HIP will uncover some basic facts about water supply, sewage access and the supply of utilities.
590 ## - LOCAL NOTE (RLIN)
Local note KA
650 24 - SUBJECT ADDED ENTRY--TOPICAL TERM
Topical term or geographic name entry element HOME INFORMATION PACK (NO. 2) REGULATIONS 2007
650 24 - SUBJECT ADDED ENTRY--TOPICAL TERM
Topical term or geographic name entry element HOME INFORMATION PACKS
651 #4 - SUBJECT ADDED ENTRY--GEOGRAPHIC NAME
Geographic name England and Wales
Chronological subdivision 1543-
690 ## - LOCAL SUBJECT ADDED ENTRY--TOPICAL TERM (OCLC, RLIN)
Topical term or geographic name as entry element PROPERTY-RESIDENTIAL PROPERTY-ACQUISITION AND DISPOSAL OF RESIDENTIAL PROPERTY-HOME BUYING REFORM
856 40 - ELECTRONIC LOCATION AND ACCESS
Uniform Resource Identifier <a href="https://www.rics.org/site/download_feed.aspx?fileID=5567">https://www.rics.org/site/download_feed.aspx?fileID=5567</a>
Public note View this item (member-only access) at www.rics.org
942 ## - ADDED ENTRY ELEMENTS (KOHA)
Suppress in OPAC 0
Holdings
Withdrawn status Lost status Source of classification or shelving scheme Damaged status Not for loan Home library Current library Shelving location Date acquired Total Checkouts Full call number Barcode Date last seen Copy number Price effective from Koha item type
    Dewey Decimal Classification     Virtual Virtual Online 17/02/2010   ONLINE PUBLICATION 149285-2001 06/08/2019 1 06/08/2019 Journal article